<?xml version="1.0" encoding="UTF-8"?>
<record
    xmlns:xsi="http://www.w3.org/2001/XMLSchema-instance"
    xsi:schemaLocation="http://www.loc.gov/MARC21/slim http://www.loc.gov/standards/marcxml/schema/MARC21slim.xsd"
    xmlns="http://www.loc.gov/MARC21/slim">

  <leader>00743na  a2200241   4500</leader>
  <controlfield tag="001">24507</controlfield>
  <controlfield tag="003">MIRAKIL</controlfield>
  <controlfield tag="005">20181226104234.0</controlfield>
  <controlfield tag="008">181126b        tu            000 0      </controlfield>
  <datafield tag="020" ind1=" " ind2=" ">
    <subfield code="a">9757748064</subfield>
  </datafield>
  <datafield tag="041" ind1=" " ind2=" ">
    <subfield code="a">tur</subfield>
  </datafield>
  <datafield tag="082" ind1=" " ind2=" ">
    <subfield code="a">340.11</subfield>
    <subfield code="b">A22 1994</subfield>
  </datafield>
  <datafield tag="090" ind1=" " ind2=" ">
    <subfield code="a">340.11 A22 1994</subfield>
  </datafield>
  <datafield tag="245" ind1=" " ind2=" ">
    <subfield code="a">Adalet kavram&#x131;</subfield>
    <subfield code="c">edit&#xF6;r Adnan G&#xFC;riz</subfield>
  </datafield>
  <datafield tag="260" ind1=" " ind2=" ">
    <subfield code="a">Ankara</subfield>
    <subfield code="b">T&#xFC;rkiye Felsefe Kurumu</subfield>
    <subfield code="c">1994</subfield>
  </datafield>
  <datafield tag="300" ind1=" " ind2=" ">
    <subfield code="a">131 s.</subfield>
    <subfield code="c">24 sm.</subfield>
  </datafield>
  <datafield tag="500" ind1=" " ind2=" ">
    <subfield code="a">Kitapta, T&#xFC;rkiye Felsefe Kurumu ile Alman K&#xFC;lt&#xFC;r Merkezi'nin d&#xFC;zenledi&#x11F;i "Adalet Kavram&#x131; Semineri"nde sunulan tebli&#x11F;lere yer verilmi&#x15F;tir</subfield>
  </datafield>
  <datafield tag="504" ind1=" " ind2=" ">
    <subfield code="a">Kaynak&#xE7;a var.</subfield>
  </datafield>
  <datafield tag="650" ind1=" " ind2=" ">
    <subfield code="a">Adalet</subfield>
    <subfield code="x">T&#xFC;rkiye</subfield>
  </datafield>
  <datafield tag="700" ind1=" " ind2=" ">
    <subfield code="a">G&#xFC;riz, Adnan</subfield>
  </datafield>
  <datafield tag="942" ind1=" " ind2=" ">
    <subfield code="2">ddc</subfield>
    <subfield code="c">BKS</subfield>
  </datafield>
  <datafield tag="040" ind1=" " ind2=" ">
    <subfield code="a">Milas</subfield>
    <subfield code="b">tur</subfield>
    <subfield code="c">TR-AnCHP</subfield>
  </datafield>
  <datafield tag="952" ind1=" " ind2=" ">
    <subfield code="5">0</subfield>
    <subfield code="a">0002</subfield>
    <subfield code="b">0002</subfield>
    <subfield code="d">2018-11-26</subfield>
    <subfield code="l">0</subfield>
    <subfield code="o">340.11 A22 1994</subfield>
    <subfield code="p">P00239</subfield>
    <subfield code="r">2018-11-26 00:00:00</subfield>
    <subfield code="v">0.00</subfield>
    <subfield code="w">2018-11-26</subfield>
    <subfield code="x"> </subfield>
    <subfield code="y">BKS</subfield>
  </datafield>
  <datafield tag="999" ind1=" " ind2=" ">
    <subfield code="c">11794</subfield>
    <subfield code="d">11794</subfield>
  </datafield>
</record>
